Tous les cantons du Calvados (14) - Statistiques

Statistiques générales
  • Ce quiz a été pris 76 fois
  • Le résultat moyen est 17 sur 25
Réponses sur la Carte
Les réponses sont colorées sur une échelle allant du rouge au vert en fonction du pourcentage des utilisateurs qui les ont devinées à leur premier essai. Vous pouvez retrouver ces pourcentages ci-dessous.
 
Statistiques - réponses
Canton % Correct
Caen-1
100%
Caen-2
100%
Caen-3
100%
Caen-4
100%
Caen-5
100%
Bayeux
98%
Lisieux
96%
Vire-Normandie
96%
Ouistreham
89%
Cabourg
84%
Honfleur-Deauville
84%
Falaise
78%
Hérouville-Saint-Clair
69%
Pont-l'Évêque
69%
Ifs
64%
Courseulles-sur-Mer
60%
Livarot-Pays-d'Auge
56%
Mézidon Vallée d'Auge
56%
Condé-en-Normandie
44%
Troarn
42%
Évrecy
40%
Thue et Mue
36%
Le Hom
31%
Les Monts d'Aunay
24%
Trévières
24%
Aucun quiz correspondant
Distribution des résultats
% des personnes avec chaque résultat
Percentile par nombre de réponses
Votre historique - résultats
Vous n’avez pas pris ce quiz